| 000 | 00727cam a2200217 04500 | ||
|---|---|---|---|
| 001 | 45291 | ||
| 010 | _a9728736002 | ||
| 021 | _b176016/02 | ||
| 090 | _a45291 | ||
| 100 | _a20030319d2002 m y0pory5003 ba | ||
| 101 | 0 | _aeng | |
| 102 | _aPT | ||
| 200 | 1 |
_aCola _earchaeological circuit _fInstituto Português do Património Arquitectónico |
|
| 210 | 9 |
_aLisboa _cInstituto Português do Património Arquitectónico _dcop. 2002 |
|
| 215 |
_a73, [2] p. a 2 colns _cil. _d25 cm |
||
| 225 | 2 |
_aRoteiros da Arquelogia Portuguesa _v8 |
|
| 607 | _aCastro da Cola (Concelho de Ourique , Portugal: loc. ant.) | ||
| 675 | _a903(459.52) | ||
| 710 | 0 | 1 |
_aPortugal. _bInstituto Português do Património Arquitectónico |
| 801 |
_aPT _gRPC |
||
| 990 | _cLIVROS | ||